00575nam a2200157 i 450000100060000000300090000600500170001500700030003200800410003524501820007626000540025830000220031270000390033470000130037385200310038655378ES-MaACL20250826111423.0t|030918s1951 sp ||||1| spa d00aBajo dos tiranías b: Hitler y Stalin en tierras húngaras : cartas sobre la ocupación alemana y rusa en Hungría / c[Deodato, seud.] ; editadas por Antonio Sancho Nebot. aMadrid : bStudium de Cultura, c[1951] (fHalar) a100 p. ; c20 cm.1 aSancho Nebot, Antonio, d1884-19610 aDeodato. aES-MaACLjD-6153 bR.31299